Statistics for The Years of the Star Wars Movies

Click here to take the quiz!

General Stats

  • This quiz has been taken 18 times
  • The average score is 11 of 12

Answer Stats

MovieYear% Correct
The Empire Strikes Back1980
100%
Revenge of the Sith2005
100%
A New Hope1977
94%
Return of the Jedi1983
94%
The Phantom Menace1999
94%
Attack of the Clones2002
94%
The Force Awakens2015
94%
Rogue One2016
94%
Solo2018
94%
The Clone Wars2008
88%
The Last Jedi2017
88%
The Rise of Skywalker2019
88%

Score Distribution

Percentile by Number Answered

Percent of People with Each Score

Your Score History

You have not taken this quiz